[Event "15th Lazio Festival 2022"]
[Site "Rome"]
[Date "2022.01.05"]
[Round "5.3"]
[White "Di Maulo, Alessandra"]
[Black "Lami, Damiano"]
[Result "0-1"]
[WhiteElo "1810"]
[BlackElo "2019"]
[Annotator "NA"]
[PlyCount "117"]
[EventDate "2022.01.02"]
[EventType "swiss"]
[EventCountry "ITA"]
[SourceTitle "playchess.com"]
[Source "ChessBase"]
[SourceQuality "1"]
[TimeControl "5400+30"]

1. e4 {[%emt 0:00:02]} d5 {[%emt 0:00:05]} 2. exd5 Qxd5 {[%emt 0:00:05]} 3. Nc3 {[%emt 0:00:13]} Qa5 {[%emt 0:00:05]} 4. d4 {[%emt 0:00:13]} Nf6 {[%emt 0:00:06]} 5. Nf3 {[%emt 0:00:06]} Bf5 {[%emt 0:00:17]} 6. Bc4 {[%emt 0:00:47]} e6 {[%emt 0:00:09]} 7. O-O {[%emt 0:00:07]} c6 {[%emt 0:01:21]} 8. h3 {[%emt 0:03:21]} Bd6 {[%emt 0:02:52]} 9. Bd2 {[%emt 0:04:04]} Qc7 {[%emt 0:01:56]} 10. Re1 {[%emt 0:01:44]} O-O {[%emt 0:01:14]} 11. Nh4 {[%emt 0:18:52]} Bg6 {[%emt 0:01:00]} 12. Nxg6 {[%emt 0:00:43]} hxg6 {[%emt 0:00:05]} 13. Ne4 {[%emt 0:00:32]} Bh2+ {[%emt 0:09:00]} 14. Kh1 {[%emt 0:00:56]} Bf4 {[%emt 0:00:11]} 15. Nxf6+ {[%emt 0:09:58]} gxf6 {[%emt 0:00:09]} 16. Bc3 {[%emt 0:00:26]} Bh6 {[%emt 0:03:44]} 17. Qf3 {[%emt 0:04:11]} Nd7 {[%emt 0:01:43]} 18. Rad1 {[%emt 0:01:27]} Nb6 $11 {[%emt 0:05:01]} 19. Bb3 {[%emt 0:10:06]} Qf4 {[%emt 0:02:50]} 20. Qe2 {[%emt 0:01:48]} Nd5 {[%emt 0:00:30]} 21. Bd2 {[%emt 0:00:42]} Qh4 {[%emt 0:00:06]} 22. Bxh6 {[%emt 0:04:11]} Qxh6 {[%emt 0:00:17]} 23. Qf3 {[%emt 0:02:11]} Kg7 {[%emt 0:07:43]} 24. c3 {[%emt 0:02:00]} Rfd8 {[%emt 0:01:06]} 25. Kg1 {[%emt 0:10:07]} Rd7 {[%emt 0:05:04]} 26. Bc2 {[%emt 0:14:29]} Rad8 {[%emt 0:00:22]} 27. Kh1 {[%emt 0:01:38]} Qf4 {[%emt 0:01:12]} 28. Qxf4 {[%emt 0:00:14]} Nxf4 {[%emt 0:00:04]} 29. Kh2 {[%emt 0:00:27]} Nd5 {[%emt 0:02:21]} 30. a4 {[%emt 0:02:36]} b6 {[%emt 0:00:29]} 31. Kg1 {[%emt 0:02:31]} f5 {[%emt 0:00:29]} 32. Kf1 {[%emt 0:01:03]} g5 {[%emt 0:03:33]} 33. Re5 {[%emt 0:02:41]} Kf6 {[%emt 0:00:54]} 34. Rde1 {[%emt 0:00:55]} Rh8 {[%emt 0:01:13]} 35. Bd1 {[%emt 0:01:46]} Nf4 {[%emt 0:00:15]} 36. R5e3 {[%emt 0:00:46]} g4 {[%emt 0:00:46]} 37. Bc2 {[%emt 0:00:32]} Rdd8 {[%emt 0:00:35]} 38. Rg3 {[%emt 0:00:33]} Rh4 {[%emt 0:01:09]} 39. a5 {[%emt 0:00:25]} bxa5 {[%emt 0:01:34]} 40. Ra1 {[%emt 0:00:07]} Rd5 {[%emt 0:00:13]} 41. Ba4 {[%emt 0:00:56]} Rd8 {[%emt 0:02:32]} 42. Bxc6 {[%emt 0:00:23]} Rb8 {[%emt 0:00:06]} 43. Rxa5 {[%emt 0:00:38]} Rxb2 {[%emt 0:00:12]} 44. Ra1 {[%emt 0:00:06]} gxh3 {[%emt 0:00:17]} 45. gxh3 {[%emt 0:00:05]} Nxh3 {[%emt 0:00:10]} 46. Rf3 {[%emt 0:01:01]} a5 {[%emt 0:00:49]} 47. Rxa5 {[%emt 0:00:26]} Rb1+ {[%emt 0:00:07]} 48. Kg2 {[%emt 0:00:51]} Nf4+ {[%emt 0:00:23]} 49. Rxf4 {[%emt 0:00:26]} Rxf4 {[%emt 0:00:06]} 50. Ra2 {[%emt 0:00:34]} Rc1 {[%emt 0:00:23]} 51. Be8 {[%emt 0:00:26]} Ke7 {[%emt 0:00:21]} 52. Bb5 {[%emt 0:00:24]} Rxc3 {[%emt 0:00:15]} 53. Ra7+ {[%emt 0:00:06]} Kf8 {[%emt 0:00:14]} 54. Ra8+ {[%emt 0:00:34]} Kg7 {[%emt 0:00:07]} 55. Rd8 {[%emt 0:00:59]} Rc2 {[%emt 0:00:10]} 56. d5 {[%emt 0:00:31]} Rcxf2+ {[%emt 0:00:33]} 57. Kg1 {[%emt 0:00:06]} Rb2 {[%emt 0:00:32]} 58. dxe6 {[%emt 0:00:56]} fxe6 {[%emt 0:01:10]} 59. Bf1 {[%emt 0:00:28]} 0-1

[Event "15th Lazio Festival 2022"]
[Site "Rome"]
[Date "2022.01.05"]
[Round "5.4"]
[White "Petrov, Marian"]
[Black "D`antonio, Neri"]
[Result "1-0"]
[WhiteElo "2461"]
[BlackElo "2280"]
[Annotator "TA"]
[PlyCount "71"]
[EventDate "2022.01.02"]
[EventType "swiss"]
[EventCountry "ITA"]
[SourceTitle "playchess.com"]
[Source "ChessBase"]
[SourceQuality "1"]

{[%evp 16,71,4,0,6,-4,-17,-22,1,0,8,0,22,1,75,66,61,67,172,156,132,147,163,176,261,269,281,281,247,241,246,268,267,268,252,175,159,127,184,165,171,166,255,250,230,235,251,231,310,301,864,681,29977,29978,29978,29979,29978,12813]} 1. e4 e6 2. d4 d5 3. e5 c5 {[%cal Bc7c5,Bc5c4][%mdl 32]} 4. c3 Nc6 5. Nf3 Qb6 6. a3 c4 7. Nbd2 Na5 8. Be2 Bd7 9. Rb1 Ne7 {C02: French: Advance Variation.} 10. b4 cxb3 $1 11. Nxb3 Nec6 {The position is equal.} 12. Nbd2 Qc7 13. O-O Be7 {[#]} 14. Bd3 $146 ({Predecessor:} 14. c4 O-O 15. Bd3 Rac8 16. c5 h6 17. Qe2 b6 18. cxb6 axb6 19. Bb2 Rb8 20. Rfc1 {0-1 (60) Lagergren,H (1934)-Peinz,G (2072) ICCF email 2015}) 14... f5 (14... Nd8 $11 {keeps the balance.}) 15. exf6 $16 gxf6 16. c4 dxc4 ({Black should play} 16... O-O-O $1 $14) 17. Nxc4 $18 Nxc4 18. Bxc4 {d5 is the strong threat.} Na5 19. Ba2 b5 (19... O-O-O $142 20. Qe2 Bd6) 20. Nh4 {Hoping for Qh5+.} O-O-O 21. Qf3 Kb8 22. Bf4 Bd6 23. Rfc1 Qb6 24. Bxd6+ Qxd6 25. Qxf6 Rhf8 26. Qe5 Bc6 (26... Qxe5 $16 27. dxe5 a6) 27. a4 $36 {[%cal Oh4f3][%mdl 2048] White is in control.} Qxe5 28. dxe5 Rd2 (28... a6 {was worth a try.} 29. Bxe6 Rfe8) 29. Bxe6 {[%cal Oh4f3] aiming for Nf3!} Rfxf2 30. Bh3 {[%cal Oh4f3] Black must now prevent Nf3!} ({Don't do} 30. axb5 Bxg2 31. Rc8+ (31. Ra1 Bb7 $11) 31... Kb7 $16) 30... Rf4 31. Nf5 {[#] Strongly threatening Ne7.} Rxa4 32. Ne7 Bd7 (32... Bb7 33. Rxb5 a6) 33. e6 Bxe6 {[%cal Oa5b3]} 34. Rxb5+ {White mates.} Ka8 35. Bxe6 {[%cal Rc1c8]} a6 36. Bd5+ {Weighted Error Value: White=0.14 (very precise) /Black=0.65} 1-0

[Event "15th Lazio Festival 2022"]
[Site "Rome"]
[Date "2022.01.05"]
[Round "5.5"]
[White "Silici, Renato"]
[Black "Agostini, Maurizio"]
[Result "1-0"]
[WhiteElo "1727"]
[BlackElo "1972"]
[Annotator "ChessBase"]
[PlyCount "103"]
[EventDate "2022.01.02"]
[EventType "swiss"]
[EventCountry "ITA"]
[SourceTitle "playchess.com"]
[Source "ChessBase"]
[SourceQuality "1"]
[TimeControl "5400+30"]

1. c4 {[%emt 0:00:01]} e6 {[%emt 0:00:06]} 2. Nc3 {[%emt 0:00:13]} d5 {[%emt 0:00:04]} 3. d4 {[%emt 0:00:16]} Nf6 {[%emt 0:00:04]} 4. Nf3 {[%emt 0:00:16]} Be7 {[%emt 0:00:11]} 5. e3 {[%emt 0:00:26]} O-O {[%emt 0:00:18]} 6. Bd3 {[%emt 0:00:45]} b6 {[%emt 0:01:44]} 7. cxd5 {[%emt 0:00:28]} exd5 {[%emt 0:00:07]} 8. O-O {[%emt 0:00:41]} Bb7 {[%emt 0:00:26]} 9. Bd2 {[%emt 0:01:18]} Nbd7 {[%emt 0:00:48]} 10. Rc1 {[%emt 0:01:05]} Ne4 {[%emt 0:01:06]} 11. Be1 {[%emt 0:02:30]} Rc8 {[%emt 0:01:50]} 12. Qe2 {[%emt 0:00:52]} Ndf6 {[%emt 0:11:37]} 13. Ba6 {[%emt 0:02:31]} Bxa6 {[%emt 0:00:49]} 14. Qxa6 {[%emt 0:00:07]} c5 {[%emt 0:07:34]} 15. Qa4 {[%emt 0:05:02]} Bd6 {[%emt 0:06:37]} 16. Rd1 {[%emt 0:10:17]} Qe7 {[%emt 0:05:07]} 17. dxc5 {[%emt 0:09:19]} Nxc5 {[%emt 0:01:17]} 18. Qh4 {[%emt 0:02:55]} Rfd8 {[%emt 0:02:36]} 19. Nb5 {[%emt 0:04:18]} Bb8 {[%emt 0:00:36]} 20. Nfd4 {[%emt 0:03:36]} Qe4 {[%emt 0:04:41]} 21. Qg5 {[%emt 0:04:13]} h6 {[%emt 0:08:23]} 22. Qf5 {[%emt 0:01:10]} Ng4 {[%emt 0:11:42]} 23. h3 {[%emt 0:11:31]} Nh2 {[%emt 0:02:26]} 24. Nxa7 {[%emt 0:00:37]} Rc7 {[%emt 0:12:00]} 25. Nac6 {[%emt 0:04:24]} Rxc6 {[%emt 0:14:26]} 26. Nxc6 {[%emt 0:00:44]} Qxf5 {[%emt 0:06:19]} 27. Ne7+ {[%emt 0:00:13]} Kh7 {[%emt 0:00:16]} 28. Nxf5 {[%emt 0:00:14]} Nxf1 {[%emt 0:00:04]} 29. Kxf1 {[%emt 0:00:24]} Be5 {[%emt 0:00:33]} 30. b3 {[%emt 0:01:22]} Ne4 {[%emt 0:00:25]} 31. Ne7 {[%emt 0:01:16]} Rd7 {[%emt 0:01:05]} 32. Nxd5 {[%emt 0:02:00]} Rd6 {[%emt 0:00:30]} 33. f3 {[%emt 0:02:06]} Ng3+ {[%emt 0:01:13]} 34. Bxg3 {[%emt 0:00:23]} Bxg3 {[%emt 0:00:00]} 35. Ke2 {[%emt 0:00:50]} Be5 {[%emt 0:00:16]} 36. e4 {[%emt 0:00:46]} Rc6 {[%emt 0:00:34]} 37. Ke3 {[%emt 0:01:05]} g5 {[%emt 0:00:30]} 38. Kd3 {[%emt 0:01:34]} b5 {[%emt 0:00:15]} 39. Rd2 {[%emt 0:00:23]} Rc1 {[%emt 0:00:49]} 40. Rc2 {[%emt 0:01:22]} Rd1+ {[%emt 0:00:15]} 41. Ke2 {[%emt 0:00:58]} Rg1 {[%emt 0:00:04]} 42. Ne3 {[%emt 0:01:04]} Bd4 {[%emt 0:00:49]} 43. Kd3 {[%emt 0:00:47]} Bb6 {[%emt 0:00:30]} 44. Nd5 {[%emt 0:00:58]} Ba5 {[%emt 0:00:53]} 45. b4 {[%emt 0:00:31]} Bd8 {[%emt 0:00:30]} 46. Kd4 {[%emt 0:00:22]} Kg6 {[%emt 0:00:24]} 47. Kc5 {[%emt 0:00:40]} f5 {[%emt 0:00:28]} 48. Kxb5 {[%emt 0:00:30]} fxe4 {[%emt 0:00:23]} 49. fxe4 {[%emt 0:00:36]} Re1 {[%emt 0:00:37]} 50. Rc8 {[%emt 0:00:22]} Bf6 {[%emt 0:00:14]} 51. Rc6 {[%emt 0:00:24]} Re2 {[%emt 0:00:56]} 52. Nxf6 {[%emt 0:01:00]} 1-0

[Event "15th Lazio Festival 2022"]
[Site "Rome"]
[Date "2022.01.05"]
[Round "5.6"]
[White "Giri, Andrea"]
[Black "Maldonado, Stefano"]
[Result "1/2-1/2"]
[WhiteElo "1560"]
[BlackElo "1916"]
[Annotator "ChessBase"]
[PlyCount "120"]
[EventDate "2022.01.02"]
[EventType "swiss"]
[EventCountry "ITA"]
[SourceTitle "playchess.com"]
[Source "ChessBase"]
[SourceQuality "1"]
[TimeControl "5400+30"]

1. e4 {[%emt 1:31:00]} e5 {[%emt 1:31:00]} 2. Nf3 {[%emt 0:00:30]} Nc6 {[%emt 0:00:30]} 3. Bb5 {[%emt 0:00:30]} a6 {[%emt 0:00:30]} 4. Ba4 {[%emt 0:00:30]} Nf6 {[%emt 0:00:30]} 5. O-O {[%emt 0:00:30]} Be7 {[%emt 0:00:30]} 6. Bxc6 {[%emt 0:00:30]} dxc6 {[%emt 0:00:30]} 7. Qe1 {[%emt 0:00:30]} Qd6 {[%emt 0:00:30]} 8. d4 {[%emt 0:00:30]} Nd7 {[%emt 0:00:30]} 9. c3 {[%emt 0:00:30]} f6 {[%emt 0:00:30]} 10. Be3 {[%emt 0:00:30]} c5 {[%emt 0:00:30]} 11. Qe2 {[%emt 0:00:30]} cxd4 {[%emt 0:00:30]} 12. cxd4 {[%emt 0:00:30]} c5 {[%emt 0:00:30]} 13. d5 {[%emt 0:00:30]} g6 {[%emt 0:00:30]} 14. Nfd2 {[%emt 0:00:30]} f5 {[%emt 0:00:30]} 15. f3 {[%emt 0:00:30]} f4 {[%emt 0:00:30]} 16. Bf2 {[%emt 0:00:30]} g5 {[%emt 0:00:30]} 17. a4 {[%emt 0:00:30]} h5 {[%emt 0:00:30]} 18. Nc3 {[%emt 0:00:30]} Qg6 {[%emt 0:00:30]} 19. h3 {[%emt 0:00:30]} g4 {[%emt 0:00:30]} 20. fxg4 {[%emt 0:00:30]} Nf6 {[%emt 0:00:30]} 21. g5 {[%emt 0:00:30]} Qxg5 {[%emt 0:00:30]} 22. Nf3 {[%emt 0:00:30]} Qg7 {[%emt 0:00:30]} 23. Kh1 {[%emt 0:00:30]} Bd6 {[%emt 0:00:30]} 24. Qc4 {[%emt 0:00:30]} Qe7 {[%emt 0:00:30]} 25. a5 {[%emt 0:00:30]} Rb8 {[%emt 0:00:30]} 26. Na4 {[%emt 0:00:30]} Bd7 {[%emt 0:00:30]} 27. Nxc5 {[%emt 0:00:30]} Bb5 {[%emt 0:00:30]} 28. Qc2 {[%emt 0:00:30]} Bxf1 {[%emt 0:00:30]} 29. Rxf1 {[%emt 0:00:30]} Qc7 {[%emt 0:00:30]} 30. Qa4+ {[%emt 0:00:30]} Ke7 {[%emt 0:00:30]} 31. Nd3 {[%emt 0:00:30]} Rhc8 {[%emt 0:00:30]} 32. Bh4 {[%emt 0:00:30]} Qc4 {[%emt 0:00:30]} 33. Bxf6+ {[%emt 0:00:30]} Kxf6 {[%emt 0:00:30]} 34. Qd7 {[%emt 0:00:30]} Qc7 {[%emt 0:00:30]} 35. Qe6+ {[%emt 0:00:30]} Kg7 {[%emt 0:00:30]} 36. Ndxe5 {[%emt 0:00:30]} Bxe5 {[%emt 0:00:30]} 37. Nxe5 {[%emt 0:00:30]} Rf8 {[%emt 0:00:30]} 38. Qg6+ {[%emt 0:00:30]} Kh8 {[%emt 0:00:30]} 39. Qxh5+ {[%emt 0:00:30]} Kg8 {[%emt 0:00:30]} 40. Qg5+ {[%emt 0:00:30]} Kh7 {[%emt 0:00:30]} 41. Kh2 {[%emt 0:00:30]} Rbe8 {[%emt 0:00:30]} 42. Qg6+ {[%emt 0:00:30]} Kh8 {[%emt 0:00:30]} 43. Qh6+ {[%emt 0:00:30]} Kg8 {[%emt 0:00:30]} 44. Qg6+ {[%emt 0:00:30]} Qg7 {[%emt 0:00:30]} 45. Qxg7+ {[%emt 0:00:30]} Kxg7 {[%emt 0:00:30]} 46. Nd7 {[%emt 0:00:30]} Rf7 {[%emt 0:00:30]} 47. Nc5 {[%emt 0:00:30]} Kh6 {[%emt 0:00:30]} 48. d6 {[%emt 0:00:30]} Rd8 {[%emt 0:00:30]} 49. e5 {[%emt 0:00:30]} Rf5 {[%emt 0:00:30]} 50. Nxb7 {[%emt 0:00:30]} Rd7 {[%emt 0:00:30]} 51. Nc5 {[%emt 0:00:30]} Rd8 {[%emt 0:00:30]} 52. Nd3 {[%emt 0:00:30]} Kg5 {[%emt 0:00:30]} 53. Re1 {[%emt 0:00:30]} f3 {[%emt 0:00:30]} 54. gxf3 {[%emt 0:00:30]} Rxf3 {[%emt 0:00:30]} 55. Nc5 {[%emt 0:00:30]} Kf5 {[%emt 0:00:30]} 56. Kg2 {[%emt 0:00:30]} Rf4 {[%emt 0:00:30]} 57. d7 {[%emt 0:00:30]} Rg8+ {[%emt 0:00:30]} 58. Kh2 {[%emt 0:00:30]} Rf2+ {[%emt 0:00:30]} 59. Kh1 {[%emt 0:00:30]} Rf3 {[%emt 0:00:30]} 60. Kh2 {[%emt 0:00:30]} Rf2+ {[%emt 0:00:30]} 1/2-1/2

[Event "15th Lazio Festival 2022"]
[Site "Rome"]
[Date "2022.01.06"]
[Round "6.1"]
[White "Aghayev, Miragha"]
[Black "Petrov, Marian"]
[Result "0-1"]
[WhiteElo "2393"]
[BlackElo "2461"]
[Annotator "TA"]
[PlyCount "84"]
[EventDate "2022.01.02"]
[EventType "swiss"]
[EventCountry "ITA"]
[SourceTitle "playchess.com"]
[Source "ChessBase"]
[SourceQuality "1"]

{[%evp 22,84,122,105,128,45,49,29,30,38,45,12,10,5,7,15,8,10,14,0,0,0,0,0,0,-8,-8,-14,-10,-9,0,0,0,0,0,0,0,-8,-7,-13,82,81,133,0,0,0,0,0,0,0,0,0,0,0,0,0,0,0,0,0,0,-708,-643,-1469,-1396]} 1. e4 c5 2. Nf3 Nc6 3. Nc3 g6 4. d4 cxd4 5. Nxd4 Bg7 6. Be3 d6 7. Qd2 Nf6 8. f3 O-O 9. O-O-O Nxd4 10. Bxd4 Be6 11. Kb1 Qc7 12. h4 {[%cal Oh4h5] 12.h4 is better than 12.g4.} h5 {B76: Sicilian Dragon: Yugoslav Attack, 9 g4 and 9 0-0-0.} 13. Bd3 (13. Nd5 $16 Bxd5 14. exd5) 13... Rfc8 $14 {[#]} 14. Rhe1 $146 ({Predecessor:} 14. g4 Qa5 15. a3 Rab8 16. gxh5 Nxh5 17. Bxg7 Kxg7 18. Rhg1 Rc5 19. Qe3 b5 20. Qd4+ {1-0 (51) Pandelias,E (2071)-Kolomvakis,S (1752) Heraklion 2011}) 14... Qa5 $1 {White has an edge.} 15. a3 Rab8 16. Nd5 (16. f4 {is more complex.} Bg4 17. Bxf6 Bxf6 18. Nd5 Qxd2 19. Nxf6+ exf6 20. Rxd2 b5 21. Be2) 16... Qxd2 17. Rxd2 Bxd5 18. exd5 Nxd5 19. Bxg7 (19. Bxg6 Bh6 20. Rdd1 fxg6 $17) 19... Kxg7 20. c4 Nf4 21. Rxe7 Nxd3 22. Rxd3 Rxc4 23. Rxd6 Rxh4 $11 {[%mdl 4096] Endgame KRR-KRR} 24. Rdd7 {[%csl LRb7,LRf7]} Rf8 25. Rxb7 Rh2 26. Re2 (26. Rxa7 $2 Rxg2 27. Re1 h4 $17) 26... h4 27. Rc2 $1 (27. Rxa7 $2 h3 28. gxh3 Rxe2 $19) 27... Re8 28. Rcc7 ({Don't blunder} 28. Rxa7 $2 Re1+ 29. Ka2 h3 $19) 28... Rf8 29. Rc2 a6 30. Ra7 Kh6 (30... Re8 $11 31. Rcc7 (31. Rxa6 $2 Re1+ 32. Ka2 h3 $19) 31... g5) 31. Rxa6 $16 Re8 (31... Rd8 $142) 32. Rac6 ({Better is} 32. Rd6 $16) 32... Re1+ $1 $11 33. Ka2 {aiming for a4.} Rg1 $1 34. a4 Rgxg2 35. Rxg2 Rxg2 {KR-KR} 36. a5 h3 {[#] Strongly threatening ...h2.} 37. Rc1 Kg5 (37... h2 $5 38. Rh1 Kg5 $11) 38. Rc8 {Hoping for a6.} Kf4 ({Don't play} 38... h2 39. Rh8 Kf4 40. a6 $17) 39. Rh8 h2 40. a6 {[#] Threatens to win with a7.} Rg5 {White must now prevent ...Ra5+.} (40... Kxf3 41. a7 Kf4 42. a8=Q h1=B 43. Rxh1 Rd2 44. Qa4+ Kg5 45. Qa5+ Kf6 46. Qxd2) 41. a7 $2 {[%mdl 8192]} (41. b4 $11 Rh5 42. Rxh5 gxh5 43. a7) 41... Ra5+ $19 42. Kb3 Kg3 {Weighted Error Value: White=0.42/Black=0.09 (flawless)} 0-1

[Event "15th Lazio Festival 2022"]
[Site "Rome"]
[Date "2022.01.06"]
[Round "6.3"]
[White "Silici, Renato"]
[Black "Corvi, Marco"]
[Result "0-1"]
[WhiteElo "1727"]
[BlackElo "2288"]
[Annotator "ChessBase"]
[PlyCount "82"]
[EventDate "2022.01.02"]
[EventType "swiss"]
[EventCountry "ITA"]
[SourceTitle "playchess.com"]
[Source "ChessBase"]
[SourceQuality "1"]
[TimeControl "5400+30"]

1. c4 {[%emt 0:00:01]} e5 {[%emt 0:00:14]} 2. Nc3 {[%emt 0:00:08]} Nf6 {[%emt 0:01:55]} 3. Nf3 {[%emt 0:00:12]} Nc6 {[%emt 0:00:03]} 4. g3 {[%emt 0:00:49]} d5 {[%emt 0:00:21]} 5. cxd5 {[%emt 0:01:32]} Nxd5 {[%emt 0:00:03]} 6. Bg2 {[%emt 0:00:38]} Nb6 {[%emt 0:00:04]} 7. d3 {[%emt 0:00:36]} Be7 {[%emt 0:00:13]} 8. O-O {[%emt 0:00:36]} O-O {[%emt 0:00:07]} 9. a3 {[%emt 0:00:25]} Be6 {[%emt 0:00:08]} 10. b4 {[%emt 0:05:41]} a5 {[%emt 0:00:10]} 11. b5 {[%emt 0:03:43]} Nd4 {[%emt 0:00:39]} 12. Nxd4 {[%emt 0:04:00]} exd4 {[%emt 0:00:05]} 13. Na4 {[%emt 0:04:37]} Bd5 {[%emt 0:06:49]} 14. Nxb6 {[%emt 0:03:16]} cxb6 {[%emt 0:01:15]} 15. Bh3 {[%emt 0:03:14]} Re8 {[%emt 0:06:38]} 16. Bb2 {[%emt 0:05:02]} Bc5 {[%emt 0:02:29]} 17. Re1 {[%emt 0:03:27]} a4 {[%emt 0:02:05]} 18. Bg2 {[%emt 0:11:42]} Bxg2 {[%emt 0:01:28]} 19. Kxg2 {[%emt 0:00:04]} Qd7 {[%emt 0:02:15]} 20. Rb1 {[%emt 0:06:41]} Qxb5 {[%emt 0:01:20]} 21. Qc1 {[%emt 0:07:33]} Qd7 {[%emt 0:02:25]} 22. Qf4 {[%emt 0:01:47]} Re6 {[%emt 0:01:37]} 23. Qg4 {[%emt 0:01:11]} h5 {[%emt 0:05:29]} 24. Qg5 {[%emt 0:05:23]} Rg6 {[%emt 0:01:04]} 25. Qf4 {[%emt 0:02:10]} Re8 {[%emt 0:02:36]} 26. h3 {[%emt 0:00:30]} Rge6 {[%emt 0:04:58]} 27. Qf3 {[%emt 0:08:49]} h4 {[%emt 0:01:33]} 28. Rbd1 {[%emt 0:05:15]} Rf6 {[%emt 0:06:24]} 29. Qg4 {[%emt 0:00:47]} Qc6+ {[%emt 0:02:16]} 30. Kg1 {[%emt 0:00:09]} hxg3 {[%emt 0:00:32]} 31. fxg3 {[%emt 0:00:10]} Rg6 {[%emt 0:00:50]} 32. Qf3 {[%emt 0:00:39]} Qxf3 {[%emt 0:02:50]} 33. exf3 {[%emt 0:00:10]} Rxe1+ {[%emt 0:00:30]} 34. Rxe1 {[%emt 0:00:30]} Rxg3+ {[%emt 0:00:30]} 35. Kf2 {[%emt 0:00:30]} Rxh3 {[%emt 0:00:30]} 36. Kg2 {[%emt 0:00:30]} Rh6 {[%emt 0:00:30]} 37. Re8+ {[%emt 0:00:00]} Kh7 {[%emt 0:00:00]} 38. Rd8 {[%emt 0:01:22]} Rd6 {[%emt 0:00:00]} 39. Rb8 {[%emt 0:01:58]} Re6 {[%emt 0:00:18]} 40. Bc1 {[%emt 0:00:39]} Re2+ {[%emt 0:00:54]} 41. Kg3 {[%emt 0:00:47]} Bd6+ {[%emt 0:46:53]} 0-1

[Event "15th Lazio Festival 2022"]
[Site "Rome"]
[Date "2022.01.06"]
[Round "6.4"]
[White "Di Maulo, Alessandra"]
[Black "Zotti, Enrico"]
[Result "0-1"]
[WhiteElo "1810"]
[BlackElo "1829"]
[Annotator "NA"]
[PlyCount "70"]
[EventDate "2022.01.02"]
[EventType "swiss"]
[EventCountry "ITA"]
[SourceTitle "playchess.com"]
[Source "ChessBase"]
[SourceQuality "1"]
[TimeControl "5400+30"]

1. e4 {[%emt 0:00:02]} c5 {[%emt 0:00:09]} 2. Nf3 {[%emt 0:00:05]} d6 {[%emt 0:00:08]} 3. d4 {[%emt 0:00:10]} cxd4 {[%emt 0:00:08]} 4. Qxd4 {[%emt 0:00:06]} Nc6 {[%emt 0:00:15]} 5. Qe3 {[%emt 0:00:07]} Nf6 {[%emt 0:00:30]} 6. Be2 {[%emt 0:00:11]} e6 {[%emt 0:00:19]} 7. c4 {[%emt 0:00:11]} Be7 {[%emt 0:00:17]} 8. O-O {[%emt 0:00:47]} O-O {[%emt 0:00:16]} 9. Nc3 {[%emt 0:01:35]} b6 {[%emt 0:00:39]} 10. Rd1 {[%emt 0:01:39]} Qc7 {[%emt 0:00:21]} 11. b3 {[%emt 0:02:03]} Bb7 {[%emt 0:00:30]} 12. Bb2 {[%emt 0:00:34]} Rad8 {[%emt 0:00:51]} 13. Rac1 {[%emt 0:02:09]} Ne5 {[%emt 0:00:51]} 14. h3 {[%emt 0:02:27]} Nxf3+ {[%emt 0:10:18]} 15. Bxf3 {[%emt 0:00:12]} Qc5 {[%emt 0:01:18]} 16. Qd2 {[%emt 0:08:05]} Nd7 {[%emt 0:07:31]} 17. Na4 {[%emt 0:27:52]} Qg5 {[%emt 0:02:21]} 18. Qxg5 {[%emt 0:12:25]} Bxg5 {[%emt 0:00:11]} 19. Rc3 {[%emt 0:02:57]} Ne5 {[%emt 0:00:42]} 20. Ba3 {[%emt 0:00:04]} Be7 {[%emt 0:04:49]} 21. Re1 {[%emt 0:00:26]} Rd7 {[%emt 0:05:13]} 22. Bd1 {[%emt 0:00:39]} Rc8 {[%emt 0:01:35]} 23. f4 {[%emt 0:08:53]} Ng6 {[%emt 0:00:25]} 24. Bc1 {[%emt 0:01:48]} Bf6 {[%emt 0:04:43]} 25. Rc2 {[%emt 0:00:22]} Bd4+ {[%emt 0:01:43]} 26. Kh1 {[%emt 0:00:38]} f5 {[%emt 0:00:36]} 27. Rd2 {[%emt 0:10:46]} e5 {[%emt 0:06:55]} 28. fxe5 {[%emt 0:01:13]} dxe5 {[%emt 0:02:11]} 29. Bb2 {[%emt 0:02:59]} Bxe4 {[%emt 0:00:38]} 30. Rxe4 {[%emt 0:01:22]} fxe4 {[%emt 0:00:17]} 31. Bg4 {[%emt 0:00:02]} Rcd8 {[%emt 0:01:32]} 32. Bxd7 {[%emt 0:01:23]} Rxd7 {[%emt 0:00:13]} 33. Nc3 {[%emt 0:01:51]} e3 {[%emt 0:00:32]} 34. Rd1 {[%emt 0:00:46]} Nf4 {[%emt 0:00:15]} 35. Na4 {[%emt 0:09:35]} Nd3 {[%emt 0:03:05]} 0-1

[Event "15th Lazio Festival 2022"]
[Site "Rome"]
[Date "2022.01.06"]
[Round "6.5"]
[White "Brozzi, Danilo"]
[Black "Maxion, Dirk"]
[Result "1-0"]
[WhiteElo "1728"]
[BlackElo "2089"]
[Annotator "ChessBase"]
[PlyCount "57"]
[EventDate "2022.01.02"]
[EventType "swiss"]
[EventCountry "ITA"]
[SourceTitle "playchess.com"]
[Source "ChessBase"]
[SourceQuality "1"]
[TimeControl "5400+30"]

1. d4 {[%emt 0:00:02]} Nf6 {[%emt 0:02:54]} 2. c4 {[%emt 0:00:20]} g6 {[%emt 0:02:47]} 3. Nc3 {[%emt 0:00:06]} Bg7 {[%emt 0:00:53]} 4. e4 {[%emt 0:00:06]} d6 {[%emt 0:00:10]} 5. Nge2 {[%emt 0:00:02]} O-O {[%emt 0:04:13]} 6. Ng3 {[%emt 0:00:17]} c5 {[%emt 0:02:03]} 7. d5 {[%emt 0:00:22]} e6 {[%emt 0:00:11]} 8. Be2 {[%emt 0:02:30]} exd5 {[%emt 0:00:13]} 9. exd5 {[%emt 0:00:38]} Re8 {[%emt 0:05:58]} 10. Bf4 {[%emt 0:00:32]} a6 {[%emt 0:00:51]} 11. Qd2 {[%emt 0:03:14]} Ng4 {[%emt 0:07:06]} 12. f3 {[%emt 0:01:13]} Ne5 {[%emt 0:00:17]} 13. O-O-O {[%emt 0:00:12]} b5 {[%emt 0:02:17]} 14. cxb5 {[%emt 0:02:48]} axb5 {[%emt 0:04:24]} 15. Bxb5 {[%emt 0:00:12]} Bd7 {[%emt 0:00:20]} 16. Bc6 {[%emt 0:07:47]} Ra6 {[%emt 0:03:03]} 17. Nge4 {[%emt 0:02:03]} Nbxc6 {[%emt 0:13:19]} 18. dxc6 {[%emt 0:00:13]} Bxc6 {[%emt 0:00:14]} 19. Nxc5 {[%emt 0:03:33]} Rb6 {[%emt 0:07:20]} 20. Bxe5 {[%emt 0:01:45]} Rxe5 {[%emt 0:02:03]} 21. Nb3 {[%emt 0:00:23]} Qh4 {[%emt 0:04:39]} 22. Qd4 {[%emt 0:11:21]} Qh6+ {[%emt 0:00:53]} 23. Kb1 {[%emt 0:05:54]} Ra6 {[%emt 0:05:17]} 24. Qc4 {[%emt 0:01:46]} Bb7 {[%emt 0:04:13]} 25. Qb4 {[%emt 0:01:10]} Bc8 {[%emt 0:01:04]} 26. Rxd6 {[%emt 0:06:14]} Bf8 {[%emt 0:00:06]} 27. Rd8 {[%emt 0:00:02]} Bf5+ {[%emt 0:00:54]} 28. Ka1 {[%emt 0:00:15]} Re7 {[%emt 0:02:12]} 29. Qxe7 {[%emt 0:04:31]} 1-0